| 000 | 00411nam a2200169Ia 4500 | ||
|---|---|---|---|
| 008 | 210423s2010 xx 000 0 und d | ||
| 020 | _a9788184894233 | ||
| 041 | _aeng | ||
| 082 | _a541.37 RIEP | ||
| 100 | _aRIEGER (Philip H). | ||
| 245 | _aElectrochemistry. | ||
| 250 | _a2 | ||
| 260 |
_aNew Delhi _bSpringer Pvt Ltd _c2010 |
||
| 300 |
_axi,483 _bPB |
||
| 365 |
_b795 _cINR |
||
| 906 | _aElectrochemistry. | ||
| 999 |
_c155004 _d155004 |
||